Central Library OPAC University of Rajshahi
Normal view MARC view

Entry Geographic Name

Number of records used in: 3

001 - CONTROL NUMBER

  • control field: 9028

003 - CONTROL NUMBER IDENTIFIER

  • control field: BD-RjUL

005 - DATE AND TIME OF LATEST TRANSACTION

  • control field: 20230918120040.0

008 - FIXED-LENGTH DATA ELEMENTS

  • fixed length control field: 230918|| aca||aabn | a|a d

040 ## - CATALOGING SOURCE

  • Original cataloging agency: BD-RjUL
  • Transcribing agency: BD-RjUL

151 ## - HEADING--GEOGRAPHIC NAME

  • Geographic name: Pakistan
  • General subdivision: Politics and government
  • Chronological subdivision: 1971-

670 ## - SOURCE DATA FOUND

  • Source citation: Work cat.: (BD-RjUL)81932: سيد نور احمد, 1924-2015. 9027, مارشل لا سے مارشل لاء تک ;; Marshall La se Mārshal lāʼ tak /, 1967.